|
|
|
|
| LEADER |
00000nam0a2200000 4500 |
| 001 |
174269 |
| 005 |
20231101223140.0 |
| 035 |
|
|
|a (RuTPU)RU\TPU\book\188983
|
| 090 |
|
|
|a 174269
|
| 100 |
|
|
|a 20100126d2009 k y0rusy50 ca
|
| 101 |
0 |
|
|a rus
|
| 102 |
|
|
|a RU
|
| 105 |
|
|
|a a dm 001zy
|
| 200 |
1 |
|
|a Повышение качества высокоскоростного затачивания твердосплавных инструментов алмазными кругами с прерывистой поверхностью
|e автореферат диссертации на соискание ученой степени кандидата технических наук
|e спец. 05.03.01
|f Д. С. Реченко
|g Омский государственный технический университет (ОмГТУ), Машиностроительный институт, Кафедра "Металлорежущие станки и инструменты" ; науч. рук. А. Ю. Попов
|
| 210 |
|
|
|a Томск
|d 2009
|
| 215 |
|
|
|a 20 с.
|c ил.
|
| 300 |
|
|
|a Защита сост. 23.12.2009 г.
|
| 320 |
|
|
|a Библиогр.: с. 19-20 (22 назв.).
|
| 452 |
|
1 |
|0 (RuTPU)RU\TPU\book\188216
|t Повышение качества высокоскоростного затачивания твердосплавных инструментов алмазными кругами с прерывистой поверхностью
|o автореферат диссертации на соискание ученой степени кандидата технических наук:
|o спец. 05.03.01
|f Д. С. Реченко
|g Омский государственный технический университет (ОмГТУ), Машиностроительный институт, Кафедра металлорежущих станков и инструментов ; науч. рук. А. Ю. Попов
|c Томск
|d 2009
|a Реченко, Денис Сергеевич
|
| 606 |
1 |
|
|a Режущие кромки инструментов, твердосплавные
|x Заточка и доводка алмазная
|2 stltpush
|3 (RuTPU)RU\TPU\subj\24485
|9 48825
|
| 610 |
1 |
|
|a твердосплавные инструменты
|
| 610 |
1 |
|
|a лезвия
|
| 610 |
1 |
|
|a затачивание
|
| 610 |
1 |
|
|a высокоскоростная обработка
|
| 610 |
1 |
|
|a шлифовальные круги
|
| 610 |
1 |
|
|a расчет
|
| 610 |
1 |
|
|a конструкции
|
| 610 |
1 |
|
|a рациональные режимы
|
| 610 |
1 |
|
|a приводы
|
| 610 |
1 |
|
|a авторефераты диссертаций
|
| 675 |
|
|
|a 621.923.6(04)
|v 3
|
| 686 |
|
|
|a 05.03.01
|2 oksvnk
|
| 700 |
|
1 |
|a Реченко
|b Д. С.
|g Денис Сергеевич
|
| 702 |
|
1 |
|a Попов
|b А. Ю.
|g Андрей Юрьевич
|4 727
|
| 712 |
0 |
2 |
|a Омский государственный технический университет (ОмГТУ)
|b Машиностроительный институт
|b Кафедра "Металлорежущие станки и инструменты"
|2 stltpush
|3 (RuTPU)RU\TPU\col\394
|
| 801 |
|
1 |
|a RU
|b 63413507
|c 20100126
|
| 801 |
|
2 |
|a RU
|b 63413507
|c 20100211
|g RCR
|
| 942 |
|
|
|c BK
|